| 000 | 00480nam a22001697a 4500 | ||
|---|---|---|---|
| 008 | 230328b |||||||| |||| 00| 0 eng d | ||
| 020 | _a81-7446-166-3 | ||
| 040 |
_aNational Science Library _cNational Science Library |
||
| 080 |
_aD 681.3 _bP0;4 |
||
| 100 |
_aArora, Ashok _94032 |
||
| 245 | _aComputer fundamentals: | ||
| 260 |
_aNew Delhi: _bExcel Books, _c2000 |
||
| 300 | _a206p. | ||
| 650 | _aInformation technology | ||
| 653 | _aSoftware concepts | ||
| 942 |
_2udc _cBK |
||
| 999 |
_c15909 _d15909 |
||